Mapa pluviométrico de España / (Record no. 74579)

MARC details
000 -LEADER
campo de control de longitud fija 00697nam a2200193 i 4500
001 - NÚMERO DE CONTROL
campo de control 74579
003 - IDENTIFICADOR DE NÚMERO DE CONTROL
campo de control ES-MaACL
005 - FECHA Y HORA DE LA ÚLTIMA TRANSACCIÓN
campo de control 20230906172157.0
007 - CAMPO FIJO DE DESCRIPCIÓN FÍSICA--INFORMACIÓN GENERAL
campo de control de longitud fija t|
008 - DATOS DE LONGITUD FIJA--INFORMACIÓN GENERAL
campo de control de longitud fija 040920s1946 sp f |||| | spa d
100 1# - ENTRADA PRINCIPAL--NOMBRE DE PERSONA
Nombre de persona González Quijano, Pedro M.
9 (RLIN) 58891
245 10 - MENCIÓN DEL TÍTULO
Título Mapa pluviométrico de España /
Mención de responsabilidad, etc. por Pedro M. González Quijano.
260 ## - PUBLICACIÓN, DISTRIBUCIÓN, ETC.
Lugar de publicación, distribución, etc. Madrid :
Nombre del editor, distribuidor, etc. [s.n.,
Fecha de publicación, distribución, etc. 1946] (
Fabricante Gráficas Versal)
300 ## - DESCRIPCIÓN FÍSICA
Extensión 574 p., 31 lám. ;
Dimensiones 20 cm.
500 ## - NOTA GENERAL
Nota general Precede al tít.: Consejo Superior de Investigaciones Científicas. Instituto "Juan Sebastian Elcano" de Geografía.
650 #4 - PUNTO DE ACCESO ADICIONAL DE MATERIA--TÉRMINO DE MATERIA
Término de materia o nombre geográfico como elemento de entrada Lluvia-
Subdivisión geográfica España.
9 (RLIN) 169480
710 2# - ENTRADA AGREGADA--NOMBRE DE ENTIDAD CORPORATIVA
Nombre de entidad corporativa o nombre de jurisdicción como elemento de entrada Instituto "Juan Sebastián Elcano"
9 (RLIN) 5113
852 ## - LOCALIZACIÓN
Ubicación ES-MaACL
Número de control de estantería D-6358
Holdings
Estatus retirado Estado de pérdida Estado de daño No para préstamo Biblioteca de origen Biblioteca actual Ubicación en estantería Fecha de adquisición Fuente de adquisición Total de préstamos Signatura topográfica completa Código de barras Visto por última vez Precio de reemplazo Tipo de ítem Koha
        Biblioteca del Ateneo de Madrid Biblioteca del Ateneo de Madrid Sala Valle Inclán 17/01/2008     D-6358 901078067 23/02/2023 23/02/2023 Libro impreso